Modelovanie preferencií študentov pri rozhodovaní pri výbere medzi univerzitami diplomová práca

Uložené v:
Podrobná bibliografia
Hlavný autor: Szebeniová, Lenka
Korporativný autor: Fakulta hospodárskej informatiky EU. Katedra štatistiky
Ďalší autori: Sušienková, Katarína, 1967-
Médium: Kniha
Jazyk:Slovak
Vydavateľské údaje: Bratislava 2015
Tagy: Pridať tag
Žiadne tagy, Buďte prvý, kto otaguje tento záznam!

MARC

LEADER 00000nbm a2200000 4500
001 0201607
005 20161212112507.4
041 0 |a slo 
044 |a SK 
245 1 0 |a Modelovanie preferencií študentov pri rozhodovaní pri výbere medzi univerzitami  |b diplomová práca  |c Lenka Szebeniová ; školiteľ: Katarína Sušienková 
264 1 |a Bratislava  |c 2015 
300 |a 72 s. 
100 1 |a Szebeniová, Lenka 
700 1 |a Sušienková, Katarína, 1967- 
710 2 |a Fakulta hospodárskej informatiky EU. Katedra štatistiky